Revue historique. (رقم التسجيلة. 126258)

تفاصيل مارك
000 -LEADER
fixed length control field 02400cas a2200517 a 4500
008 - FIXED-LENGTH DATA ELEMENTS--GENERAL INFORMATION
fixed length control field 751101c18769999fr qr p 0 b0fre c
010 ## - LIBRARY OF CONGRESS CONTROL NUMBER
LC control number 09002896
016 7# - NATIONAL BIBLIOGRAPHIC AGENCY CONTROL NUMBER
Record control number 100970021
Source DNLM
022 ## - INTERNATIONAL STANDARD SERIAL NUMBER
International Standard Serial Number 0035-3264
ISSN-L 0035-3264
Source z
040 ## - CATALOGING SOURCE
Original cataloging agency MnMULS
Transcribing agency MnMULS
Modifying agency NIC
-- CtY
-- InU
-- N
-- InU
-- TxU
-- AIP
-- NSDP
-- DLC
-- NST
-- OCoLC
-- DNLM
-- OCoLC
-- DIBAM
-- NLGGC
-- InU
-- CaQQL
-- InU
-- KRTAS
-- DLC
-- OCoLC
-- AMAZN
-- MiU
-- MH
042 ## - AUTHENTICATION CODE
Authentication code nsdp
-- pcc
050 00 - LIBRARY OF CONGRESS CALL NUMBER
Classification number D1
Item number .R6
082 04 - DEWEY DECIMAL CLASSIFICATION NUMBER
Classification number 905
Item number R45
092 04 - LOCALLY ASSIGNED DEWEY CALL NUMBER (OCLC)
Classification number 905
Item number R4549
Edition number 21
099 ## - LOCAL FREE-TEXT CALL NUMBER (OCLC)
Classification number 04
-- 905 R4549
130 0# - MAIN ENTRY--UNIFORM TITLE
Uniform title Revue historique (Paris, France)
222 #0 - KEY TITLE
Key title Revue historique
245 10 - TITLE STATEMENT
Title Revue historique.
260 ## - PUBLICATION, DISTRIBUTION, ETC.
Place of publication, distribution, etc. Paris :
Name of publisher, distributor, etc. Librairie G. Baillلere
300 ## - PHYSICAL DESCRIPTION
Extent v. ;
Dimensions 25 cm.
310 ## - CURRENT PUBLICATION FREQUENCY
Current publication frequency Quarterly,
Date of current publication frequency 1937-
321 ## - FORMER PUBLICATION FREQUENCY
Former publication frequency Bimonthly,
Dates of former publication frequency 1879-
321 ## - FORMER PUBLICATION FREQUENCY
Former publication frequency Three times a year,
Dates of former publication frequency <1905>-1936
321 ## - FORMER PUBLICATION FREQUENCY
Former publication frequency Three times a year,
Dates of former publication frequency 1876-1878
336 ## - CONTENT TYPE
Content type term text
Source rda content
337 ## - MEDIA TYPE
Media type term Unmediated
Source rdamedia
338 ## - CARRIER TYPE
Carrier type term volume
Source rdacarrier
500 ## - GENERAL NOTE
General note Imprint varies.
500 ## - GENERAL NOTE
General note Vols. for 1937-1940 issued in 2 pts: Mâemoires et âetudes (composing v. 179-180, 182-183, 185-186, 188-189 of the Revue), and: Bulletin critiques (composing v. 181, 184, 187, 190).
515 ## - NUMBERING PECULIARITIES NOTE
Numbering peculiarities note Issues for <oct./dâec. 1970-juil. 2009> called also <94. annâee-131. annâee>
515 ## - NUMBERING PECULIARITIES NOTE
Numbering peculiarities note Vol. 193 covers 1942/43 combined.
515 ## - NUMBERING PECULIARITIES NOTE
Numbering peculiarities note Vols. for 2001-2004 frequently misnumbered.
555 ## - CUMULATIVE INDEX/FINDING AIDS NOTE
Cumulative index/finding aids note Vols. 1 (1876)-14 (1880). 1 v.; Vols. 15 (1881)-29 (1885). 1 v.; Vols. 30 (1886)-44 (1890). 1 v.; Vols. 45 (1891)-59 (1895). 1 v.; Vols. 60 (1896)-74 (1900). 1 v.; Vols. 75 (1901)-89 (1905). 1 v.; Vols. 90 (1906)-105 (1910). 1 v.; Vols. 106 (1911)-135 (1920). 1 v.; Vols. 136 (1921)-150 (1925). 1 v.; Vols. 151 (1926)-165 (1930). 1v.; Vols. 166 (1931)-176 (1935). 1 v.; Vols. 177 (1936)-204 (1950). 1 v.
588 ## - SOURCE OF DESCRIPTION NOTE
Source of description note Description based on: T. 3e (janv./avr. 1877).
588 ## - SOURCE OF DESCRIPTION NOTE
Source of description note Latest issue consulted: No 651 (juil. 2009) = t. 311/3.
590 ## - LOCAL NOTE (RLIN)
Local note Library has 16 only
592 ## -
-- ACQN: aq 94012311
650 #0 - SUBJECT ADDED ENTRY--TOPICAL TERM
Topical term or geographic name entry element History
Form subdivision Periodicals.
650 #6 - SUBJECT ADDED ENTRY--TOPICAL TERM
Topical term or geographic name entry element Histoire
Form subdivision Pâeriodiques.
650 #7 - SUBJECT ADDED ENTRY--TOPICAL TERM
Topical term or geographic name entry element HISTORIA
General subdivision PUBLICACIONES PERIODICAS.
Source of heading or term renib
650 17 - SUBJECT ADDED ENTRY--TOPICAL TERM
Topical term or geographic name entry element Geschiedenis.
Source of heading or term gtt
776 08 - ADDITIONAL PHYSICAL FORM ENTRY
Relationship information Online version:
Title Revue historique (Paris, France : Online)
Record control number (DLC) 2011234622
-- (OCoLC)60627873
905 ## - LOCAL DATA ELEMENT E, LDE (RLIN)
Cataloger amr
Reviser Rev.
905 ## - LOCAL DATA ELEMENT E, LDE (RLIN)
Cataloger Jamal
Reviser Cat.
942 ## - ADDED ENTRY ELEMENTS (KOHA)
Source of classification or shelving scheme Dewey Decimal Classification
Koha item type Continuing Resources
Suppress in OPAC No
المقتنيات
Source of classification or shelving scheme Not for loan Home library Current library Date acquired Full call number Date last seen Koha item type
Dewey Decimal Classification   المكتبة المركزبة الجديدة - جامعة القاهرة قاعة الصحف والدوريات - الدور الثالث 11.02.2024 905 R4549 23.09.2023 Continuing Resources
Cairo University Libraries Portal Implemented & Customized by: Eng. M. Mohamady Contacts: new-lib@cl.cu.edu.eg | cnul@cl.cu.edu.eg
CUCL logo CNUL logo
© All rights reserved — Cairo University Libraries
CUCL logo
Implemented & Customized by: Eng. M. Mohamady Contact: new-lib@cl.cu.edu.eg © All rights reserved — New Central Library
CNUL logo
Implemented & Customized by: Eng. M. Mohamady Contact: cnul@cl.cu.edu.eg © All rights reserved — Cairo National University Library